沖縄県の市町村 人口順 - Statistics

General Stats
  • This quiz has been taken 37 times
  • The average score is 29 of 41
Answer Stats
Answer 人口 % Correct
1 那覇市 310,353
100%
2 沖縄市 141,526
100%
10 石垣市 47,765
100%
3 うるま市 127,032
97%
4 浦添市 115,586
97%
5 宜野湾市 100,368
94%
7 名護市 64,659
94%
31 与那国町 1,659
94%
6 豊見城市 65,009
90%
8 糸満市 61,107
90%
9 宮古島市 53,022
90%
11 南城市 46,061
84%
17 中城村 22,882
81%
27 国頭村 4,359
81%
33 南大東村 1,231
81%
40 北大東村 548
77%
19 北中城村 18,207
74%
12 読谷村 41,808
71%
20 嘉手納町 12,975
71%
13 南風原町 41,325
68%
16 北谷町 28,584
68%
22 恩納村 11,312
68%
29 竹富町 3,879
68%
28 伊江村 3,893
65%
38 渡嘉敷村 655
65%
26 宜野座村 6,108
61%
14 西原町 35,271
58%
21 本部町 12,266
58%
25 久米島町 6,660
58%
32 東村 1,581
58%
34 伊是名村 1,192
58%
35 伊平屋村 1,105
58%
41 渡名喜村 295
58%
37 座間味村 859
55%
23 金武町 10,785
48%
39 粟国村 632
48%
15 八重瀬町 32,318
45%
18 与那原町 19,427
45%
30 大宜味村 2,942
45%
24 今帰仁村 8,810
42%
36 多良間村 1,009
42%
No matching quizzes found
Score Distribution
Percent of People with Each Score
Percentile by Number Answered
Your Score History
You have not taken this quiz